000 01837nam0a22002891 4500
001 rc\4542815
005 20250611192809.0
021 _aRU
_bРг6328-65
035 _a(NLR Aleph) 008361155
090 _a8999002
_c8999002
100 _a20130416d1965 |||y0rusy50 ca
101 0 _arus
102 _aRU
105 _ay z |||||
200 1 _aОб опыте треста "Киеворгстрой" по разработке специальных проектных документов по технике безопасности на стройках Главкиевгорстроя
_e(Тезисы доклада)
_fГосстрой СССР, ЦК Профсоюза рабочих строительства и промстройматериалов, Центр. и Укр. правл. НТО стройиндустрии, Госстрой УССР, Выставка передового опыта в нар. хозяйстве УССР. Семинар "Отражение вопросов техники безопасности в проектах организации строительства и производства работ". 6-8 июля 1965 г.
210 _aБ. м.
_cб. и.
_d1965
215 _a[1], 13 с.
_d22
300 _aОтпеч. множит. аппаратом
300 _aПеред загл. авт.: инж. Е.Б. Колесников
700 1 _aКолесников
_bЕ. Б.
711 1 2 _a"Отражение вопросов техники безопасности в проектах организации строительства и производства работ", семинар
_eМосква
_f1965
_9875900
_3RU\NLR\AUTH\880604049
801 0 _aRU
_bNLR
_gpsbo
801 1 _aRU
_bELAR
_2rusmarc
852 _aNLR
_j65-6/10121
942 _cBOOK
980 _aNB